Microempresa : desafío del 2000 : una visión desde la Universidad /

Guardado en:
Autores Corporativos: FONCAP., Organización de Estados Iberoamericanos para la Educación, la Ciencia y la Cultura.
Otros Autores: Manassero, María Isabel.
Formato: Libro
Idioma:Spanish
Publicado: Buenos Aires : FONCAP, 2000.
Materias:
Etiquetas: Agregar Etiqueta
Sin Etiquetas, Sea el primero en etiquetar este registro!
LEADER 01112nam a22002295 4500
001 EAD.ead004041
008 080718s2000####ag#######b####000#0#spa#d
005 20161214162636.0
245 0 0 |a Microempresa :  |b desafío del 2000 : una visión desde la Universidad /  |c Manassero, María Isabel... [et al.]. 
260 |a Buenos Aires :  |b FONCAP,  |c 2000. 
300 |a 295 p. ;  |c 22 cm. 
500 |a "Primera convocatoria 1998-1999 realizada en el marco del Programa de Becas de apoyo a la investigación que desarrolla el Fondo de Capital Social (Foncap) con la colaboración de la Organización de Estados Iberoamericanos para la Educación, la Ciencia y la Cultura (OEI)". 
504 |a Incluye referencias bibliográficas. 
020 |a 9879733819 
710 2 |a FONCAP. 
700 1 |a Manassero, María Isabel. 
710 2 |a Organización de Estados Iberoamericanos para la Educación, la Ciencia y la Cultura. 
082 0 4 |a 658.022  |2 21 
650 7 |a Pequeñas empresas.  |2 unbist 
650 7 |a Capital social.  |2 unbist 
650 7 |a Microempresa.  |2 isoc 
859 |a AR-BaBDC  |b BIB. ADMINISTRACION - Libros  |h 658.022  |i F732  |p b04420  |v 2000